Statistics for Nonfiction Books Quiz

Click here to take the quiz!

General Stats

  • This quiz has been taken 18,947 times
    (17,981 since last reset)
  • The average score is 10 of 23

Answer Stats

BookAuthor% Correct
Mein KampfAdolf Hitler
96%
On the Origin of SpeciesCharles Darwin
94%
Das KapitalKarl Marx
87%
The Diary of a Young GirlAnne Frank
79%
A Brief History of TimeStephen Hawking
65%
The PrinceNiccolò Machiavelli
55%
The Interpretation of DreamsSigmund Freud
52%
The RepublicPlato
50%
The Art of WarSun Tzu
49%
The Wealth of NationsAdam Smith
48%
Principia Mathematica (1687)Isaac Newton
46%
In Cold BloodTruman Capote
43%
CosmosCarl Sagan
39%
The Double HelixJames Watson
26%
The Selfish GeneRichard Dawkins
25%
Gorillas in the MistDian Fossey
21%
Mere ChristianityC.S. Lewis
18%
The Feminine MystiqueBetty Friedan
16%
Guns, Germs, and SteelJared Diamond
16%
The Tipping PointMalcolm Gladwell
16%
Unsafe at Any SpeedRalph Nader
16%
The Decline and Fall of the Roman EmpireEdward Gibbon
15%
The Electric Kool-Aid Acid TestTom Wolfe
11%

Score Distribution

Percentile by Number Answered

Percent of People with Each Score

Your Score History

You have not taken this quiz since the last reset